Quan niệm nghệ thuật về con người trong thơ Xuân Diệu (Qua 2 tập Thơ Thơ và Gửi hương cho gió) /

Guardado en:
Detalles Bibliográficos
Autor principal: Nguyễn Thị Hồng Nam.
Formato: Artículo
Lenguaje:Vietnamese
Materias:
Etiquetas: Agregar Etiqueta
Sin Etiquetas, Sea el primero en etiquetar este registro!
Thư viện lưu trữ: Thư viện Trường Đại học Đà Lạt
LEADER 00930nam a2200301 4500
001 DLU090070841
005 ##20090521
040 # # |a DLU  |b vie 
041 # # |a vie 
044 # # |a vn 
100 # # |a Nguyễn Thị Hồng Nam.  
245 # # |a Quan niệm nghệ thuật về con người trong thơ Xuân Diệu (Qua 2 tập Thơ Thơ và Gửi hương cho gió) /  |c Nguyễn Thị Hồng Nam. 
653 # # |a Cái tôi 
653 # # |a Con người 
653 # # |a Nghệ thuật sáng tác 
653 # # |a Quan niệm 
653 # # |a Thơ ca 
653 # # |a Xuân Diệu, 1916-1985 
773 # # |t Tạp chí văn học  |g Số 12(288), 1995, tr. 23-29 
920 # # |a Phòng Tạp chí -- Trung tâm Thông tin - Thư viện Trường Đại học Đà Lạt 
994 # # |a DLU 
900 # # |a True 
911 # # |a Nguyễn Thị Thu Phương 
925 # # |a G 
926 # # |a A 
927 # # |a BB 
980 # # |a Thư viện Trường Đại học Đà Lạt